Ont-ils déjà joué avec... James Stewart ? - Statistiques

Statistiques générales
  • Ce quiz a été pris 9 fois
  • Le résultat moyen est 3 sur 10
Answers on the Grid
Answers color-coded by a green-red scale on the quiz's grid according to % correct below.
Claudette Colbert
Buster Keaton
Robert Mitchum
Bourvil
Audrey Hepburn
Ingrid Bergman
Lauren Bacall
Peter Fonda
Marlon Brando
Brigitte Bardot
Marlene Dietrich
Cary Grant
Jean Gabin
Julie Andrews
Boris Karloff
Jack Lemmon
Sidney Poitier
Henry Fonda
Paulette Goddard
Judy Garland
 
Statistiques - réponses
Réponse % Correct
Henry Fonda
83%
Cary Grant
50%
Lauren Bacall
50%
Marlene Dietrich
50%
Paulette Goddard
33%
Brigitte Bardot
17%
Claudette Colbert
17%
Jack Lemmon
17%
Robert Mitchum
17%
Judy Garland
0%
Aucun quiz correspondant
Distribution des résultats
% des personnes avec chaque résultat
Percentile par nombre de réponses
Votre historique - résultats
Vous n’avez pas pris ce quiz